Toupa phat un : BYF & BCD, EBCC Mualnuam golden jubilee souvenir 1971-2021 / (Record no. 8916)

MARC details
000 -LEADER
fixed length control field 00418nam a22001457a 4500
003 - CONTROL NUMBER IDENTIFIER
control field GBCCL
005 - DATE AND TIME OF LATEST TRANSACTION
control field 20241126110701.0
008 - FIXED-LENGTH DATA ELEMENTS--GENERAL INFORMATION
fixed length control field 220125b ||||| |||| 00| 0 eng d
040 ## - CATALOGING SOURCE
Transcribing agency gbc
082 ## - DEWEY DECIMAL CLASSIFICATION NUMBER
Classification number SOU TOU
Item number 2021
245 ## - TITLE STATEMENT
Title Toupa phat un : BYF & BCD, EBCC Mualnuam golden jubilee souvenir 1971-2021 /
Statement of responsibility, etc. edited by G Lalkhanlian
260 ## - PUBLICATION, DISTRIBUTION, ETC.
Place of publication, distribution, etc. Mualnuam:
Name of publisher, distributor, etc. BYF & BCD,
Date of publication, distribution, etc. 2021.
300 ## - PHYSICAL DESCRIPTION
Extent 106p. ;
942 ## - ADDED ENTRY ELEMENTS (KOHA)
Source of classification or shelving scheme Dewey Decimal Classification
Koha item type Archives
Holdings
Withdrawn status Lost status Source of classification or shelving scheme Damaged status Not for loan Home library Current Library Shelving location Date acquired Total checkouts Full call number Barcode Date last seen Copy number Price effective from Koha item type
    Dewey Decimal Classification     GRACE BIBLE COLLEGE GRACE BIBLE COLLEGE Archives 2022-01-25   SOU TOU 2021 250186 2025-05-01 c.1 2022-01-25 Archives
    Dewey Decimal Classification     GRACE BIBLE COLLEGE GRACE BIBLE COLLEGE Archives 2022-01-25   SOU TOU 2021 250187 2025-05-01 c.2 2022-01-25 Archives
    Dewey Decimal Classification     GRACE BIBLE COLLEGE GRACE BIBLE COLLEGE Archives 2022-01-25   SOU TOU 2021 250188 2025-05-01 c.3 2022-01-25 Archives
    Dewey Decimal Classification     GRACE BIBLE COLLEGE GRACE BIBLE COLLEGE Archives 2022-01-25   SOU TOU 2021 250189 2025-05-01 c.4 2022-01-25 Archives
© Grace Bible College Library 2025